Se il grano non muore /

Salvato in:
Dettagli Bibliografici
Autore principale: Gide, André (Autore)
Altri autori: Marussi, Garibaldo
Natura: Libro
Lingua:italiano
Pubblicazione: \Milano! : Tascabili Bompiani, 1995
Edizione:4. ed
Serie:Tascabili Bompiani. I delfini classici ; 26
Tags: Aggiungi Tag
Nessun Tag, puoi essere il primo ad aggiungerne!!

MARC

LEADER 00000nam a2200000 i 4500
001 IT\ICCU\CFI\0310183
003 ItRI
005 20250909125400.0
008 960208s1995 it |||||| ||||| |||||c
015 |2 IT  |a 96-3161 
020 |a 8845226034 
040 |b ita  |c ct 
041 7 |a ita  |2 ISO-639-2 
082 |a 843.912  |2 20 
100 1 |a Gide, André  |0 IT\ICCU\CFIV\013440  |4 aut 
240 1 0 |a Si le grain ne meurt.  |9 Gide, André 
245 1 0 |a Se il grano non muore /  |c André Gide ; traduzione di Garibaldo Marussi. 
250 |a 4. ed 
260 |a \Milano! :  |b Tascabili Bompiani,  |c 1995 
300 |a 366 p. ;  |c 19 cm. 
700 1 |a Marussi, Garibaldo  |0 IT\ICCU\RAVV\027826 
830 0 |a Tascabili Bompiani. I delfini classici ;  |v 26  |0 IT\ICCU\RAV\0256643 
942 |2 ddc  |c BK 
952 |0 0  |1 0  |2 ddc  |4 0  |6 B_LNR01GIDANGRA12  |7 0  |9 8164  |a MI  |b MI  |d 2005-07-28  |i 4203  |l 0  |o B-LNR01-GIDAN-GRA12  |p CDOM4203  |r 2025-07-17 21:50:00  |w 2025-07-17  |x DONO  |y BK 
981 1 |6 z01  |a i   |b xxxe  
982 1 |6 z01  |a n 
999 |c 6833  |d 6833